[Event "Lichtenberger Sommer 2019"]
[Site "Berlin"]
[Date "2019.08.22"]
[Round "6.57"]
[White "Jansen, Robert"]
[Black "Scheide, Helmut"]
[Result "1/2-1/2"]
[WhiteElo "1746"]
[BlackElo "1921"]
[PlyCount "90"]
[EventDate "2019.??.??"]
[WhiteTeam "SC Kreuzberg"]
[BlackTeam "USV Potsdam"]

1. d4 Nf6 2. c4 e6 3. Nc3 Bb4 4. Qc2 c5 5. e3 Nc6 6. Nf3 Bxc3+ 7. bxc3 d5 8.
Bd3 O-O 9. O-O Re8 10. Re1 h6 11. Ba3 cxd4 12. exd4 dxc4 13. Bxc4 Bd7 14. Ne5
Rc8 15. Rad1 Qa5 16. Qb3 Qc7 17. Nxd7 Qxd7 18. Bf1 a6 19. Qb2 Na5 20. Bc5 b5
21. Qa3 Qc7 22. Bb4 Nc4 23. Qxa6 Ng4 24. g3 Rb8 25. Bc5 e5 26. Bxc4 bxc4 27.
Bd6 Qb6 28. Qxb6 Rxb6 29. Bb4 e4 30. d5 Ne5 31. Re2 Nd3 32. a3 f5 33. Kg2 f4
34. Kf1 e3 35. fxe3 f3 36. Rf2 Rxe3 37. d6 Rb7 38. a4 Rf7 39. Ba5 Nxf2 40. Kxf2
Re2+ 41. Kf1 Rxh2 42. Rd4 Rh1+ 43. Kf2 Rh2+ 44. Kf1 Rh1+ 45. Kf2 Rh2+ 1/2-1/2

[Event "Lichtenberger Sommer 2019"]
[Site "Berlin"]
[Date "2019.08.22"]
[Round "6.59"]
[White "Karyah, Thomas"]
[Black "Doraszelski, Alexander"]
[Result "1-0"]
[WhiteElo "1870"]
[BlackElo "1649"]
[PlyCount "29"]
[EventDate "2019.??.??"]
[WhiteTeam "SC Zugzwang 95 (Berlin)"]
[BlackTeam "SV Empor Berlin"]

1. c4 e5 2. Nc3 Nf6 3. g3 d5 4. cxd5 Nxd5 5. Bg2 Be6 6. Qb3 Nb6 7. Qb5+ N8d7 8.
Bxb7 Bc4 9. Qa5 Rb8 10. Bc6 Qf6 11. Bxd7+ Nxd7 12. Qxc7 Bc5 13. Ne4 Bxf2+ 14.
Nxf2 Bd5 15. e4 1-0

[Event "Lichtenberger Sommer 2019"]
[Site "Berlin"]
[Date "2019.08.22"]
[Round "6.60"]
[White "Stein, Siegfried"]
[Black "Krawatzki, Armin"]
[Result "1-0"]
[WhiteElo "1852"]
[BlackElo "1637"]
[PlyCount "87"]
[EventDate "2019.??.??"]
[WhiteTeam "SV Berolina Mitte"]
[BlackTeam "Läufer Reinickendorf"]

1. e4 e6 2. d4 d5 3. e5 c5 4. c3 Nc6 5. Nf3 Bd7 6. a3 f6 7. Bd3 Nh6 8. h4 Nf7
9. exf6 gxf6 10. Qe2 c4 11. Bc2 Qc7 12. b4 O-O-O 13. a4 e5 14. dxe5 Re8 15. Kf1
Bg4 16. Qe3 Ncxe5 17. Qxa7 Nd3 18. Bd2 Nd6 19. Na3 Ne4 20. Nb5 Qb8 21. Be3 Qxa7
22. Nxa7+ Kb8 23. Nb5 Ng3+ 24. Kg1 Nxh1 25. Kxh1 Rxe3 26. fxe3 Bh6 27. Bxd3
cxd3 28. Rd1 Bf5 29. Nd6 Be4 30. Nf7 Bg7 31. Nxh8 Bxh8 32. Nd4 f5 33. Kg1 Bf6
34. g3 Kc7 35. Kf2 Kb6 36. Ra1 Ka6 37. Ra2 h5 38. a5 Bxd4 39. exd4 Kb5 40. Ke3
Kc4 41. Kd2 Kb3 42. Ra1 Kb2 43. Re1 Kb3 44. b5 1-0

[Event "Lichtenberger Sommer 2019"]
[Site "Berlin"]
[Date "2019.08.22"]
[Round "6.61"]
[White "Francois, Yannick"]
[Black "Schneider, Eckehard"]
[Result "1/2-1/2"]
[WhiteElo "1745"]
[BlackElo "1844"]
[PlyCount "107"]
[EventDate "2019.??.??"]
[WhiteTeam "SC Falkensee"]
[BlackTeam "SF 1903 Berlin"]

1. e4 e6 2. d4 d5 3. Nc3 Nf6 4. Bg5 Bb4 5. e5 h6 6. exf6 hxg5 7. fxg7 Rg8 8. h4
gxh4 9. Qh5 Qf6 10. Qxh4 Qxg7 11. Rh3 Nc6 12. Rg3 Qh8 13. Rxg8+ Qxg8 14. Nf3
Bd7 15. g3 Be7 16. Qf4 Bd6 17. Qe3 O-O-O 18. O-O-O Kb8 19. Kb1 a6 20. a3 f6 21.
Bg2 Na5 22. Qe2 Rc8 23. b4 Nc4 24. Ka2 Qf8 25. Rb1 a5 26. bxa5 Bxa3 27. Rb3 Bb4
28. Qd3 Nxa5 29. Rb1 Nc4 30. Nd2 Qd6 31. Ra1 Qa6+ 32. Kb1 Nxd2+ 33. Qxd2 Qc4
34. Kb2 Rh8 35. Rh1 Rxh1 36. Bxh1 Ka7 37. Bf3 c5 38. Be2 Qxd4 39. Qxd4 cxd4 40.
Nb5+ Bxb5 41. Bxb5 Kb6 42. Bd7 e5 43. f3 Kc5 44. Bf5 Be1 45. g4 Kc4 46. Bd3+
Kb4 47. Bf5 Bc3+ 48. Kc1 b5 49. Kd1 Kc4 50. Ke2 b4 51. Bd3+ Kc5 52. Bf5 Kb5 53.
Kd3 Kc5 54. Bg6 1/2-1/2

[Event "Lichtenberger Sommer 2019"]
[Site "Berlin"]
[Date "2019.08.22"]
[Round "6.63"]
[White "Wimmer, Thomas"]
[Black "Wieczorek, Martin"]
[Result "1-0"]
[WhiteElo "1841"]
[BlackElo "1565"]
[PlyCount "111"]
[EventDate "2019.??.??"]
[WhiteTeam "SK Marburg"]
[BlackTeam "SK Dessau 93"]

1. d4 e6 2. c4 f5 3. g3 Nf6 4. Bg2 d5 5. Nh3 c6 6. O-O Bd6 7. Qc2 O-O 8. Bf4
Re8 9. Nd2 e5 10. dxe5 Bxe5 11. Nf3 Bxf4 12. Nxf4 Na6 13. Rfd1 Nc7 14. Rac1 Qe7
15. Nd4 dxc4 16. Nxc6 bxc6 17. Bxc6 Be6 18. Bxa8 Nxa8 19. Nxe6 Qxe6 20. Qxc4
Qxc4 21. Rxc4 Nb6 22. Rc7 a5 23. Kf1 a4 24. Rd6 Nfd5 25. Rb7 a3 26. Rdxb6 Nxb6
27. Rxb6 axb2 28. Rxb2 Ra8 29. f3 Ra3 30. h4 h5 31. Ke1 Kf7 32. Kd1 Kf6 33. Kc1
g6 34. Kb1 f4 35. gxf4 Kf5 36. Rb3 Ra7 37. e3 Rd7 38. Kc2 Ra7 39. a3 Ra8 40.
Rb5+ Kf6 41. Kb3 Rd8 42. Kb4 Rd3 43. Re5 Rd1 44. a4 Rb1+ 45. Kc5 Ra1 46. Kb5
Rb1+ 47. Kc6 Ra1 48. a5 Ra3 49. Kb6 Rb3+ 50. Ka7 Rb4 51. a6 Rb3 52. Ka8 Rb4 53.
a7 Rb3 54. Re8 Kf5 55. Rf8+ Ke6 56. Rb8 1-0

[Event "Lichtenberger Sommer 2019"]
[Site "Berlin"]
[Date "2019.08.22"]
[Round "6.64"]
[White "Rausch, Erik"]
[Black "Beyer, Nils"]
[Result "1-0"]
[WhiteElo "1718"]
[BlackElo "1832"]
[PlyCount "57"]
[EventDate "2019.??.??"]
[WhiteTeam "SC Kreuzberg"]
[BlackTeam "TG Wehlheiden"]

1. e4 c5 2. Nf3 d6 3. Bb5+ Nd7 4. d4 Ngf6 5. Nc3 a6 6. Bxd7+ Bxd7 7. O-O e6 8.
Re1 Be7 9. e5 Ng8 10. exd6 Bxd6 11. dxc5 Bxc5 12. Ne5 Qc7 13. Qh5 O-O-O 14. Qf3
Nf6 15. Bf4 Bd6 16. Rad1 Bxe5 17. Bxe5 Qc6 18. Qg3 Nd5 19. Ne4 Rdf8 20. c4 Nf6
21. Nd6+ Kd8 22. Qh4 Ke7 23. Rd4 Rfg8 24. Ne4 Kf8 25. Rd6 Qc7 26. Red1 Bc6 27.
Rd8+ Qxd8 28. Rxd8+ Ke7 29. Bxf6+ 1-0

[Event "Lichtenberger Sommer 2019"]
[Site "Berlin"]
[Date "2019.08.22"]
[Round "6.65"]
[White "Kellner, René"]
[Black "Lieder, Günter"]
[Result "0-1"]
[WhiteElo "1700"]
[BlackElo "1815"]
[PlyCount "64"]
[EventDate "2019.??.??"]
[WhiteTeam "Potsdamer SV"]
[BlackTeam "SK Turm Bad Hersfeld"]

1. e4 c5 2. Nc3 Nc6 3. f4 d6 4. Nf3 g6 5. d3 Bg7 6. Be2 e6 7. O-O Nf6 8. Qe1 a6
9. a3 b5 10. Bd2 Qb6 11. Kh1 Bb7 12. Na2 O-O 13. Qh4 Nd4 14. Nxd4 cxd4 15. f5
exf5 16. exf5 Nd5 17. Bh6 Bf6 18. Qh3 Rfe8 19. fxg6 hxg6 20. Rxf6 Nxf6 21. Qh4
Nh7 22. Bg5 Qc5 23. c3 Rab8 24. Rf1 Qd5 25. Bf3 Qxa2 26. Qxd4 f6 27. c4 Bxf3
28. gxf3 bxc4 29. Qd5+ Kh8 30. Qf7 Rg8 31. Re1 Rxb2 32. Bf4 cxd3 0-1

[Event "Lichtenberger Sommer 2019"]
[Site "Berlin"]
[Date "2019.08.22"]
[Round "6.67"]
[White "Döring, Martin"]
[Black "Theilig, Reinhard"]
[Result "1-0"]
[WhiteElo "1807"]
[BlackElo "1560"]
[PlyCount "71"]
[EventDate "2019.??.??"]
[WhiteTeam "SC Weisse Dame"]
[BlackTeam "VfB Hermsdorf"]

1. e4 d6 2. d4 Nf6 3. Nc3 g6 4. f3 Bg7 5. Be3 O-O 6. Bc4 Nbd7 7. Nge2 c5 8. a3
cxd4 9. Nxd4 Nb6 10. Ba2 a6 11. O-O Bd7 12. Qd2 Rc8 13. b3 Qc7 14. Nde2 Rfd8
15. Rac1 Bc6 16. Qe1 Nbd7 17. Qf2 b6 18. b4 Ra8 19. Rfd1 Bb5 20. Bd5 Bc6 21.
Bb3 Bb5 22. Nxb5 axb5 23. Nd4 Qb7 24. Nxb5 Nh5 25. c3 Be5 26. g3 e6 27. f4 Ndf6
28. fxe5 dxe5 29. Bc2 Qc6 30. a4 Qc4 31. Bxb6 Rxd1+ 32. Rxd1 Qa2 33. Rd8+ Rxd8
34. Bxd8 Ng4 35. Qe2 Qa1+ 36. Kg2 1-0

[Event "Lichtenberger Sommer 2019"]
[Site "Berlin"]
[Date "2019.08.22"]
[Round "6.68"]
[White "Fock, Sana"]
[Black "Kirves, Martin"]
[Result "1-0"]
[WhiteElo "1800"]
[BlackElo "1498"]
[PlyCount "51"]
[EventDate "2019.??.??"]
[WhiteTeam "SC Kreuzberg"]
[BlackTeam "BSC Rehberge"]

1. e4 e6 2. d4 d5 3. Nd2 Nf6 4. e5 Nfd7 5. Bd3 c5 6. c3 Nc6 7. Ne2 cxd4 8. cxd4
f6 9. exf6 Nxf6 10. O-O Bd6 11. Nf3 O-O 12. Bf4 Bxf4 13. Nxf4 Qd6 14. g3 Ng4
15. h3 e5 16. dxe5 Ngxe5 17. Nxe5 Nxe5 18. Bc2 d4 19. Bb3+ Kh8 20. Re1 d3 21.
Qh5 Bf5 22. Rxe5 Qxe5 23. Ng6+ Bxg6 24. Qxe5 d2 25. Rd1 Rfe8 26. Qc3 1-0

[Event "Lichtenberger Sommer 2019"]
[Site "Berlin"]
[Date "2019.08.22"]
[Round "6.69"]
[White "Hesselbarth, Karlheinz"]
[Black "Rehder, Frank"]
[Result "1/2-1/2"]
[WhiteElo "1692"]
[BlackElo "1793"]
[PlyCount "39"]
[EventDate "2019.??.??"]
[WhiteTeam "SC Zugzwang 95 (Berlin)"]
[BlackTeam "SC Zugzwang 95 (Berlin)"]

1. d4 Nf6 2. c4 g6 3. Nc3 Bg7 4. e4 d6 5. f3 O-O 6. Bg5 Nbd7 7. Nh3 h6 8. Be3
Kh7 9. Be2 e5 10. d5 b6 11. Qd2 Nc5 12. Nf2 a6 13. O-O Nh5 14. b4 Nd7 15. Nd3
f5 16. c5 f4 17. Bf2 dxc5 18. bxc5 bxc5 19. Nxc5 Nb6 20. a4 1/2-1/2

[Event "Lichtenberger Sommer 2019"]
[Site "Berlin"]
[Date "2019.08.22"]
[Round "6.70"]
[White "Udet, Fabian"]
[Black "Villuela, Roberto"]
[Result "0-1"]
[WhiteElo "1684"]
[BlackElo "1787"]
[PlyCount "74"]
[EventDate "2019.??.??"]
[WhiteTeam "1. SC Anhalt"]
[BlackTeam "Nairobi Chess Club"]

1. e4 e5 2. f4 exf4 3. Nf3 Be7 4. Bc4 Bh4+ 5. Kf1 d5 6. exd5 Bg4 7. d4 Ne7 8.
Bxf4 O-O 9. h3 Bxf3 10. Qxf3 Nd7 11. g3 Bf6 12. c3 Nb6 13. Bd3 Nbxd5 14. Be4 c6
15. Nd2 Nxf4 16. Qxf4 Nd5 17. Qf3 Bg5 18. Nc4 f5 19. Bxd5+ Qxd5 20. Qxd5+ cxd5
21. Ne5 Rae8 22. h4 Bd8 23. Kg2 Re7 24. Rae1 Rfe8 25. Re2 Bc7 26. Rhe1 Bxe5 27.
Rxe5 Rxe5 28. Rxe5 Rxe5 29. dxe5 Kf7 30. Kf3 Ke6 31. Kf4 b5 32. b3 a5 33. h5 b4
34. c4 dxc4 35. bxc4 a4 36. Ke3 b3 37. axb3 a3 0-1

[Event "Lichtenberger Sommer 2019"]
[Site "Berlin"]
[Date "2019.08.22"]
[Round "6.71"]
[White "Wahner, Eberhard"]
[Black "Bade, Heidrun"]
[Result "0-1"]
[WhiteElo "1592"]
[BlackElo "1783"]
[PlyCount "92"]
[EventDate "2019.??.??"]
[WhiteTeam "SC Eintracht Berlin"]
[BlackTeam "USV Potsdam"]

1. c4 e5 2. Nc3 Nf6 3. Nf3 d6 4. g3 Be7 5. Bg2 c6 6. O-O O-O 7. d4 e4 8. Ne1 d5
9. cxd5 cxd5 10. a3 Be6 11. f3 Nc6 12. e3 Qd7 13. fxe4 dxe4 14. Nxe4 Ng4 15.
Nf2 Rad8 16. Nxg4 Bxg4 17. Qc2 Bd6 18. Nf3 Ne7 19. Ng5 Bf5 20. Be4 Bg6 21. Bd2
Qg4 22. Bxg6 Nxg6 23. Ne4 Be7 24. Nf2 Qe6 25. Rae1 Qd5 26. Bc3 Rc8 27. Qd3 Qg5
28. Ne4 Qg4 29. Nf2 Qg5 30. e4 h5 31. Bd2 Qf6 32. e5 Qb6 33. Bc3 h4 34. Nh3 Qe6
35. Nf4 Nxf4 36. Rxf4 Qh3 37. Qf3 Rc6 38. Rf1 hxg3 39. Qxg3 Rg6 40. R4f3 Rxg3+
41. Rxg3 Qe6 42. Rf4 f6 43. Rfg4 Rf7 44. Rg6 Qf5 45. exf6 Bxf6 46. R6g4 Bxd4+
0-1

[Event "Lichtenberger Sommer 2019"]
[Site "Berlin"]
[Date "2019.08.22"]
[Round "6.73"]
[White "Nimptsch, Nikolas"]
[Black "Müller, Johannes"]
[Result "1-0"]
[WhiteElo "1500"]
[BlackElo "1760"]
[PlyCount "109"]
[EventDate "2019.??.??"]
[WhiteTeam "Leegebrucher SF"]
[BlackTeam "SC Eintracht Berlin"]

1. e4 c6 2. Nc3 d5 3. Nf3 dxe4 4. Nxe4 Nf6 5. Nxf6+ exf6 6. d4 Bg4 7. Be2 Bd6
8. O-O Qc7 9. Re1 O-O 10. h3 Bh5 11. Nd2 Bg6 12. Nc4 Bf4 13. Bxf4 Qxf4 14. c3
Nd7 15. d5 Nb6 16. Nxb6 axb6 17. Qb3 Be4 18. dxc6 bxc6 19. Qb4 Qf5 20. Bg4 Qd5
21. Qxe4 Rfd8 22. Qxd5 Rxd5 23. Bf3 Rd6 24. Rad1 Rxd1 25. Rxd1 Kf8 26. a3 Re8
27. Rd6 Re1+ 28. Kh2 Rb1 29. Rd2 c5 30. b4 Rb3 31. bxc5 bxc5 32. a4 Rxc3 33.
Ra2 Rd3 34. a5 Rd7 35. a6 Ra7 36. Bb7 Ke7 37. Rd2 Ke6 38. Rd5 Rxa6 39. Rxc5 Ra7
40. Be4 g6 41. h4 f5 42. Bf3 Kf6 43. Rb5 Rd7 44. Rb7 Rd6 45. Rc7 Kg7 46. Kg3 h6
47. Be2 Rb6 48. Bc4 Rf6 49. Kf4 Kf8 50. Ke5 Kg7 51. f4 h5 52. Bd5 Rb6 53. Rxf7+
Kh6 54. Rb7 Re6+ 55. Bxe6 1-0

[Event "Lichtenberger Sommer 2019"]
[Site "Berlin"]
[Date "2019.08.22"]
[Round "6.74"]
[White "Zubke, Carsten"]
[Black "Uhlenbrock, Sven"]
[Result "1-0"]
[WhiteElo "1886"]
[BlackElo "1652"]
[PlyCount "79"]
[EventDate "2019.??.??"]
[WhiteTeam "BSG Pneumant Fürstenwalde"]

1. d4 d6 2. c4 e5 3. d5 f5 4. e4 fxe4 5. Nc3 Nf6 6. Nge2 Na6 7. Ng3 Nc5 8. b4
Nd3+ 9. Bxd3 exd3 10. Qxd3 a5 11. b5 b6 12. Bg5 Be7 13. O-O O-O 14. Rae1 Nd7
15. Bxe7 Qxe7 16. Nce4 Qh4 17. Re3 Nf6 18. Nxf6+ Rxf6 19. Re4 Rf4 20. Rfe1 Bd7
21. Rxf4 Qxf4 22. Ne2 Qh4 23. g3 Qf6 24. Qe3 Rf8 25. Kg2 Bg4 26. Ng1 h6 27. Rc1
g5 28. Rf1 Qg6 29. h3 Bd7 30. Rc1 Kg7 31. g4 h5 32. f3 hxg4 33. hxg4 Qh6 34.
Nh3 Kf6 35. Nf2 Rh8 36. Rh1 Qg7 37. Ne4+ Kf7 38. Rxh8 Qxh8 39. Qxg5 Qg7 40. Qd8
1-0

[Event "Lichtenberger Sommer 2019"]
[Site "Berlin"]
[Date "2019.08.22"]
[Round "6.75"]
[White "Casny, Guenter"]
[Black "Heinrich, Bert"]
[Result "0-1"]
[WhiteElo "1841"]
[BlackElo "1575"]
[PlyCount "130"]
[EventDate "2019.??.??"]
[WhiteTeam "SC Rochade (Berlin)"]
[BlackTeam "RW Neuenhagen"]

1. e4 b6 2. Nc3 Bb7 3. d3 e6 4. Nf3 Be7 5. Bf4 Nf6 6. Qd2 d6 7. Be2 e5 8. Bg5
Nbd7 9. h3 h6 10. Be3 d5 11. exd5 Nxd5 12. Nxd5 Bxd5 13. a4 a5 14. O-O Bd6 15.
Nh2 Qf6 16. c3 Nc5 17. Bxc5 Bxc5 18. Nf3 Bd6 19. c4 Bc6 20. Qe3 O-O 21. b3 Qf4
22. Qd2 Qf6 23. Nh2 Rad8 24. Rad1 Rfe8 25. Qc1 Qg6 26. Bf3 Bd7 27. Kh1 f5 28.
Rfe1 Bc5 29. Re2 Qf6 30. Nf1 Qh4 31. Ne3 Bd6 32. Kg1 c6 33. Rc2 Bc5 34. Rf1 Re6
35. Kh2 Rg6 36. g3 Qf6 37. h4 Qe7 38. Bh5 Rf6 39. Rh1 Bc8 40. Qf1 Qe6 41. Kg1
g6 42. Be2 h5 43. Qh3 Qf7 44. Qg2 Rf8 45. Nf1 Bb7 46. Nh2 e4 47. Kf1 exd3 48.
Bxd3 Rd6 49. Be2 Qf6 50. Qf3 Rf7 51. Qf4 Bb4 52. Nf3 Re7 53. Kg2 Rde6 54. Bd1
Bd6 55. Qc1 c5 56. Rf1 f4 57. Kg1 fxg3 58. Rc3 Bf4 59. Qc2 Be4 60. Qb2 g2 61.
Kxg2 Qxh4 62. Rh1 Qg4+ 63. Kf1 Bxf3 64. Re3 Qg2+ 65. Ke1 Qxh1+ 0-1

[Event "Lichtenberger Sommer 2019"]
[Site "Berlin"]
[Date "2019.08.22"]
[Round "6.76"]
[White "Manz, Andreas"]
[Black "Schiller, Stephan"]
[Result "1-0"]
[WhiteElo "1775"]
[BlackElo "1571"]
[PlyCount "113"]
[EventDate "2019.??.??"]
[WhiteTeam "BSV 63 Chemie Weißensee"]
[BlackTeam "SV Motor Wildau"]

1. d4 g6 2. c4 Nf6 3. Nc3 d6 4. e4 Bg7 5. Nf3 O-O 6. Be2 c5 7. O-O cxd4 8. Nxd4
Nc6 9. Be3 Bd7 10. Qd2 Qc8 11. Rac1 a6 12. f3 Ne5 13. Nd5 Nxd5 14. cxd5 Qd8 15.
Qd1 f5 16. exf5 Bxf5 17. Nxf5 Rxf5 18. f4 Nd7 19. Bg4 Rf8 20. Be6+ Kh8 21. Bd4
Bf6 22. b4 b5 23. g4 h6 24. g5 Bxd4+ 25. Qxd4+ Kh7 26. Rc6 Nb8 27. gxh6 Kxh6
28. Rf3 Rf6 29. Rh3+ Kg7 30. Rc8 Nc6 31. Rxd8 Nxd4 32. Rxa8 Nxe6 33. dxe6 Rxe6
34. Rxa6 Re4 35. Ra5 Rxb4 36. Rb3 Rxf4 37. Raxb5 Rd4 38. R5b4 Rd1+ 39. Kg2 Rd2+
40. Kg3 Rxa2 41. Rf3 Re2 42. Rb7 Re5 43. Rd7 Re1 44. Kg4 Rg1+ 45. Rg3 Re1 46.
Kf4 Rf1+ 47. Rf3 Re1 48. Re3 Rf1+ 49. Kg3 Rf7 50. Rexe7 Rxe7 51. Rxe7+ Kf6 52.
Re8 Kf7 53. Re1 Kf6 54. Kg4 d5 55. Re2 d4 56. Re1 g5 57. Re4 1-0

[Event "Lichtenberger Sommer 2019"]
[Site "Berlin"]
[Date "2019.08.22"]
[Round "6.77"]
[White "Tedesco, Gennaro"]
[Black "Dittrich, Hans-Georg"]
[Result "1/2-1/2"]
[WhiteElo "1663"]
[BlackElo "1722"]
[PlyCount "44"]
[EventDate "2019.??.??"]
[WhiteTeam "SC Kreuzberg"]

1. d4 c5 2. d5 f5 3. c4 Nf6 4. Nc3 g6 5. Nf3 Bg7 6. g3 O-O 7. Bg2 d6 8. O-O Na6
9. Re1 Nc7 10. a4 b6 11. e4 fxe4 12. Ng5 a6 13. Ngxe4 Nxe4 14. Bxe4 Rb8 15. Bd3
Bd4 16. Be3 e5 17. Bxd4 exd4 18. Ne4 Bf5 19. f4 h6 20. Qc2 Kg7 21. Nf2 Qd7 22.
Bxf5 gxf5 1/2-1/2

[Event "Lichtenberger Sommer 2019"]
[Site "Berlin"]
[Date "2019.08.22"]
[Round "6.78"]
[White "Weber, Constanze"]
[Black "Kreuchauf, Olaf"]
[Result "1-0"]
[WhiteElo "1490"]
[BlackElo "1690"]
[PlyCount "93"]
[EventDate "2019.??.??"]
[WhiteTeam "SV Ruhrspringer"]
[BlackTeam "SC Eintracht Berlin"]

1. c4 g6 2. Nc3 Bg7 3. g3 e5 4. Bg2 Nc6 5. d3 d6 6. Nf3 f5 7. O-O Nf6 8. Rb1
O-O 9. Bg5 Ne7 10. Qc1 c6 11. b4 Kh8 12. a4 Neg8 13. Nh4 Qe8 14. b5 Bd7 15. Qa3
Qe6 16. Rb3 Ne8 17. Bd2 Bf6 18. Nf3 h6 19. Rfb1 e4 20. Ne1 Be7 21. Qc1 d5 22.
Bxh6 Rf7 23. bxc6 dxc4 24. cxb7 Rb8 25. dxc4 Qxc4 26. Bf4 Bd6 27. Bf1 Bc6 28.
e3 Qe6 29. Bxd6 Nxd6 30. Ba6 Rc7 31. Qb2 Kh7 32. Nc2 Nc4 33. Nd4 Qf7 34. Bxc4
Qxc4 35. Rb4 Qf7 36. Nxc6 Rxc6 37. Qb3 Qg7 38. Ne2 Qc7 39. Nd4 Rc3 40. Qb2 Qc5
41. Ne6 Qc6 42. a5 Ne7 43. Nf8+ Kh6 44. Nd7 Qxd7 45. Qxc3 Nd5 46. Qd4 Qc6 47.
Rc4 1-0

[Event "Lichtenberger Sommer 2019"]
[Site "Berlin"]
[Date "2019.08.22"]
[Round "6.79"]
[White "Massa, Pietro"]
[Black "Fricke, Janek Konrad"]
[Result "1-0"]
[WhiteElo "1677"]
[BlackElo "1536"]
[PlyCount "65"]
[EventDate "2019.??.??"]
[WhiteTeam "SF 1903 Berlin"]
[BlackTeam "SV Empor Berlin"]

1. d4 d5 2. Nf3 Nf6 3. e3 e6 4. Bd3 b6 5. Nbd2 Bb7 6. O-O Nbd7 7. c4 c5 8. b3
Be7 9. Bb2 O-O 10. Ne5 Ne4 11. Nxd7 Qxd7 12. Nxe4 dxe4 13. Be2 Qc7 14. a4 a5
15. Qc2 Rad8 16. Rad1 Rd7 17. Rd2 Rfd8 18. Rfd1 Bf6 19. Bg4 Rd6 20. dxc5 Rxd2
21. Rxd2 Bxb2 22. cxb6 Rxd2 23. Qxd2 Qxb6 24. Qxb2 Bc6 25. Qd4 Qb8 26. Bd1 h6
27. g3 Qb4 28. Kf1 Bb7 29. Qd8+ Kh7 30. Qd7 Kg6 31. Qd4 Qe7 32. Bc2 Kf5 33.
Qxg7 1-0

[Event "Lichtenberger Sommer 2019"]
[Site "Berlin"]
[Date "2019.08.22"]
[Round "6.80"]
[White "Abraham, Helmut"]
[Black "Lippianowski, Stefan"]
[Result "1-0"]
[WhiteElo "1468"]
[BlackElo "1083"]
[PlyCount "89"]
[EventDate "2019.??.??"]
[WhiteTeam "SC Kreuzberg"]
[BlackTeam "SV Mattnetz Berlin"]

1. Nf3 e6 2. c4 Nf6 3. Nc3 Bc5 4. e3 Nc6 5. a3 d5 6. b4 Be7 7. cxd5 Nxd5 8.
Nxd5 Qxd5 9. Bb2 O-O 10. Be2 Qh5 11. Rc1 g5 12. Ne5 Qh4 13. Nxc6 bxc6 14. Rxc6
Bd6 15. Rc4 Qh6 16. h3 Bb7 17. Bf3 Rab8 18. Bxb7 Rxb7 19. Qf3 Rb6 20. Bd4 Rb5
21. Bxa7 Qg6 22. e4 f5 23. g4 Qg7 24. Bd4 Qe7 25. O-O e5 26. Bb2 Qe6 27. Rfc1
fxe4 28. Qxe4 Rf4 29. Qa8+ Rf8 30. Qa6 Rd5 31. Bc3 Rd3 32. Rxc7 Rxh3 33. Qc4
Re8 34. Qxe6+ Rxe6 35. Rc6 e4 36. Kg2 Rh4 37. Be5 Rxg4+ 38. Kh3 Rh4+ 39. Kg2
Rg4+ 40. Kf1 Kf7 41. Bxd6 h5 42. Rc7+ Kf6 43. Bf8 Kf5 44. R1c5+ Kf4 45. Rf7+
1-0

[Event "Lichtenberger Sommer 2019"]
[Site "Berlin"]
[Date "2019.08.22"]
[Round "6.81"]
[White "Nareyek, Matthias"]
[Black "Ollek, Karl-Heinz"]
[Result "0-1"]
[WhiteElo "1448"]
[BlackElo "1671"]
[PlyCount "90"]
[EventDate "2019.??.??"]
[WhiteTeam "SV Empor Berlin"]
[BlackTeam "SC Friesen Lichtenberg"]

1. Nf3 Nf6 2. g3 d5 3. Bg2 Nc6 4. O-O e5 5. d3 Be7 6. Nbd2 O-O 7. e4 Be6 8. c3
h6 9. b4 dxe4 10. Nxe4 a6 11. Nh4 Nxe4 12. Bxe4 Bxh4 13. gxh4 Qxh4 14. Kh1 f5
15. Bg2 Rad8 16. Qe2 f4 17. Rg1 Qf6 18. Bf3 Kh8 19. Bb2 Bf5 20. Rad1 Rd7 21. c4
Nd4 22. Bxd4 Rxd4 23. Bxb7 Rfd8 24. Be4 Bxe4+ 25. dxe4 f3 26. Qc2 Rxd1 27. Rxd1
Rxd1+ 28. Qxd1 Qf4 29. Qg1 Qxe4 30. h3 Qxc4 31. Kh2 Qxb4 32. Qg4 Qxg4 33. hxg4
g5 34. Kg1 Kg7 35. Kf1 Kf6 36. Ke1 e4 37. Kd2 Ke5 38. Ke3 c5 39. a4 a5 40. Kd2
Kd4 41. Ke1 Kd3 42. Kd1 c4 43. Ke1 Kc2 44. Kf1 Kd1 45. Kg1 Ke2 0-1

[Event "Lichtenberger Sommer 2019"]
[Site "Berlin"]
[Date "2019.08.22"]
[Round "6.82"]
[White "Gebhardt, Christine"]
[Black "Tschirschwitz, Stephan"]
[Result "1-0"]
[WhiteElo "1663"]
[BlackElo "1495"]
[PlyCount "49"]
[EventDate "2019.??.??"]
[WhiteTeam "Anastasias Matt"]
[BlackTeam "Lasker Steglitz-Wilmersdorf"]

1. e4 c5 2. d4 cxd4 3. c3 dxc3 4. Nxc3 e6 5. Bc4 Nc6 6. Nf3 Bb4 7. O-O Bxc3 8.
bxc3 Qc7 9. Ba3 Nge7 10. Bd6 Qa5 11. Qd3 Ng6 12. Rab1 Nge5 13. Nxe5 Nxe5 14.
Qd4 Nxc4 15. Qxc4 f6 16. f4 Qh5 17. Rb5 Qg6 18. Rc5 Kf7 19. f5 Qh6 20. Bf4 g5
21. fxe6+ Ke7 22. Bxg5 Qxg5 23. Rxg5 fxg5 24. Rf7+ Kd8 25. Qd4 1-0

[Event "Lichtenberger Sommer 2019"]
[Site "Berlin"]
[Date "2019.08.22"]
[Round "6.83"]
[White "Stark, Steven"]
[Black "Mayer, Herbert"]
[Result "1/2-1/2"]
[WhiteElo "1443"]
[BlackElo "1804"]
[PlyCount "79"]
[EventDate "2019.??.??"]
[WhiteTeam "BSC Rehberge"]
[BlackTeam "SC Rochade (Berlin)"]

1. e4 c5 2. Be2 a6 3. Nf3 e6 4. O-O Nf6 5. d3 Qc7 6. Bg5 Be7 7. e5 Ng8 8. Bxe7
Nxe7 9. Nc3 b5 10. Ne4 O-O 11. Nd6 Nbc6 12. Nxc8 Raxc8 13. d4 cxd4 14. Bd3 Nxe5
15. Nxe5 Qxe5 16. Re1 Qf6 17. a4 Qg5 18. axb5 axb5 19. Re4 f5 20. Rxd4 Nd5 21.
Bxb5 Rc7 22. h4 Qf6 23. c4 Nb6 24. b3 e5 25. Rd6 Qxh4 26. Rxb6 f4 27. Qd5+ Kh8
28. Qxe5 f3 29. Qh2 Qd4 30. Rba6 Rc5 31. Ra8 Rcf5 32. Rxf8+ Rxf8 33. Re1 Qd2
34. Qe5 fxg2 35. Kxg2 Qxf2+ 36. Kh1 Qh4+ 37. Kg1 Qf2+ 38. Kh1 Qf3+ 39. Kg1 Qg4+
40. Kh1 1/2-1/2

[Event "Lichtenberger Sommer 2019"]
[Site "Berlin"]
[Date "2019.08.22"]
[Round "6.84"]
[White "Nguyen, Phuc Nhat"]
[Black "Koppe, Cordelia"]
[Result "1/2-1/2"]
[WhiteElo "1599"]
[BlackElo "1436"]
[PlyCount "156"]
[EventDate "2019.??.??"]
[WhiteTeam "SC Zugzwang 95 (Berlin)"]
[BlackTeam "SV Rüdersdorf"]

1. e4 d5 2. exd5 Nf6 3. Bc4 Nxd5 4. Qf3 Nf6 5. Nc3 Nc6 6. h3 Nd4 7. Qd1 Bf5 8.
d3 c6 9. Nf3 e6 10. Be3 Bc5 11. O-O O-O 12. Nh4 Qd6 13. Nxf5 Nxf5 14. Bxc5 Qxc5
15. Re1 Nd4 16. Ne4 Qe7 17. c3 Nf5 18. Nxf6+ Qxf6 19. Qf3 Qg6 20. Re4 h5 21.
Bb3 Qh6 22. Rae1 Rae8 23. d4 g5 24. g4 Nh4 25. Qg3 Qf6 26. R1e3 hxg4 27. Rxg4
Kh8 28. Rxg5 Nf5 29. Rh5+ Nh6 30. Qe5 Rg8+ 31. Kf1 Qxe5 32. Rexe5 Rg6 33. Bc2
Rf6 34. Rh4 Kg7 35. Rg5+ Kf8 36. Rhh5 Ke7 37. Rg7 Nf5 38. Bxf5 exf5 39. Rg3 f4
40. Re5+ Kf8 41. Rxe8+ Kxe8 42. Rg4 f3 43. Re4+ Kf8 44. Re3 Kg7 45. Kg1 Rg6+
46. Kh2 Rg2+ 47. Kh1 Rxf2 48. b3 Kg6 49. Kg1 Rg2+ 50. Kf1 Rg3 51. h4 f5 52. Kf2
Rh3 53. Re7 Rxh4 54. Kxf3 Rh3+ 55. Kf4 Rh4+ 56. Ke3 Rh3+ 57. Kd2 f4 58. Rxb7
Rh2+ 59. Ke1 Kf5 60. Rxa7 Ke4 61. a4 Ke3 62. Re7+ Kf3 63. a5 Ra2 64. b4 Kg2 65.
Rg7+ Kf3 66. Rg6 Ke3 67. Re6+ Kd3 68. Rxc6 Re2+ 69. Kf1 f3 70. a6 Ra2 71. b5
Ke3 72. Re6+ Kf4 73. Re7 Ra1+ 74. Re1 Ra2 75. Re7 Ra1+ 76. Kf2 Ra2+ 77. Kf1
Ra1+ 78. Kf2 Ra2+ 1/2-1/2